Military Retirement : Major Legislative Issues.

Examines elements of and issues pertaining to the military retirement system, focusing on retired pay and pay computation. Explains retired pay and survivor benefit cost of living adjustments, looks at military retirement budgeting and costs, and considers concurrent receipt of military retired pay...

Full description

Bibliographic Details
Corporate Authors: Library of Congress. Congressional Research Service, ProQuest (Firm)
Format: eBook
Language:English
Published: [Place of publication not identified] : [publisher not identified], 2002.
Series:U.S. Congressional Research.
Subjects:
Online Access:Connect to the full text of this electronic book

MARC

Tag First Indicator Second Indicator Subfields
LEADER 00000cam a22000001a 4500
001 in00003355439
006 m d f
007 cr bn mmmapmmp
008 100727s2002 dcu o f000 0 eng d
005 20260430212538.2
035 |a cis2007899223 
040 |a ProQuest  |c ProQuest  |d UtOrBLW 
043 |a n-us--- 
099 |a CRS-2002-FDT-0774 
110 2 |a Library of Congress.  |b Congressional Research Service. 
245 1 0 |a Military Retirement :  |b Major Legislative Issues. 
264 1 |a [Place of publication not identified] :  |b [publisher not identified],  |c 2002. 
300 |a 1 online resource. 
336 |a text  |b txt  |2 rdacontent 
337 |a computer  |b c  |2 rdamedia 
338 |a online resource  |b cr  |2 rdacarrier 
500 |a Record is based on bibliographic data in ProQuest U.S. Congressional Research Digital Collection (last viewed July 2010). Reuse except for individual research requires license from ProQuest, LLC. 
500 |a CRS Report. 
520 |a Examines elements of and issues pertaining to the military retirement system, focusing on retired pay and pay computation. Explains retired pay and survivor benefit cost of living adjustments, looks at military retirement budgeting and costs, and considers concurrent receipt of military retired pay and VA disability compensation, including 107th Congress action on concurrent receipt. 
500 |a Electronic resource. 
650 0 |a Defense spending. 
650 0 |a Disability insurance. 
650 0 |a Military dependents. 
655 7 |a Electronic books.  |2 local 
710 2 |a ProQuest (Firm) 
776 0 8 |i Microfiche version:   |a Library of Congress. Congressional Research Service.  |t Military Retirement 
830 0 |a U.S. Congressional Research. 
856 4 0 |u http://proxy.library.tamu.edu/login?url=https://congressional.proquest.com/congcomp/getdoc?CRDC-ID=CRS-2002-FDT-0774  |z Connect to the full text of this electronic book  |t 0 
999 |a MARS 
999 f f |s 9ee2a2c9-e21b-3fe7-9f42-2b7fb135c3d3  |i c09ae5f9-75fe-3e3e-baf7-cd685fd3f3a2  |t 0 
952 f f |a Texas A&M University  |b College Station  |c Electronic Resources  |s www_evans  |d Available Online  |t 0  |e CRS-2002-FDT-0774  |h Other scheme 
998 f f |a CRS-2002-FDT-0774  |t 0  |l Available Online